| 000 | 00635cam a2200241 4500 | ||
|---|---|---|---|
| 008 | 090401t1997 xxu||||| |||| 00| 0 eng d | ||
| 020 | _a0750632917 | ||
| 035 | _a(Sirsi) u82534 | ||
| 041 | _aeng | ||
| 050 | _a658.562 | ||
| 100 | _aTricker, Ray | ||
| 245 | _aISO 9000 for small businesses. | ||
| 260 |
_aOxford _bButterworth-Heinemann _c1997 |
||
| 300 | _axiv,291p. ; 23cm. | ||
| 350 | _a16.99 | ||
| 650 | _aISO 9000 | ||
| 650 | _aQUALITY ASSURANCE | ||
| 650 | _aQUALITY MANAGEMENT | ||
| 650 | _aSMALL BUSINESSES | ||
| 690 | _aMANAGEMENT-BUSINESS MANAGEMENT-PROFESSIONAL PRACTICE | ||
| 942 | _n0 | ||
| 948 | _c05/12/1997 | ||
| 999 |
_c96799 _d96799 |
||